01036 2200361 4500001002100000005001500021035002000036007000300056040001700059100003700076245007800113250000900191300004500200020002200245041000800267082000800275084001400283090002500297264004200322336002100364337003000385338002300415650001100438850001000449008004100459500002900500700003500529504003000564990002000594990002000614990002000634990002000654INLIS00000000000936720260421024304 a0010-1122000326ta aSBPUPADbind0 aKetty Husnia Wardany;ePengarang1 aKhasiat Istimewa Sukun /cKetty Husnia Wardany; Editor,Th. Arie Prabawati aEd.1 axiv + 114 hlm. :billus. ;c14,5 x 18 cm a978-979-29-3211-90 aind a615 a615 KET k a621.3 SYA d L 19 R 5 aYogyakarta :bRapha Publishing,c2012 2rdacontentateks 2rdamediaatanpa perantara 2rdacarrieravolume 4aSukun/ aPUPAD260421 0  aTentang Penulis, hlm 113 aTh. Arie Prabawati,ePengarang abibiliografi, hlm 103-112 a27.118/P/DPK/18 a27.119/P/DPK/18 a27.120/P/DPK/18 a27.121/P/DPK/18